[Event "45th FIDE Chess Olympiad Open"]
[Site "Budapest, Hungary"]
[Date "2024.09.13"]
[Round "3.19"]
[White "Gumireddy, Sanjay"]
[Black "Elizee, Kaieem"]
[Result "0-1"]
[WhiteElo "1907"]
[BlackElo "1701"]
[PlyCount "94"]
[EventDate "2024.??.??"]
[WhiteTeam "Isle of Man"]
[BlackTeam "Saint Lucia"]
[WhiteTeamCountry "IOM"]
[WhiteClock "0:01:37"]
[BlackClock "0:21:47"]

1. e4 c5 2. d4 cxd4 3. c3 dxc3 4. Nxc3 e6 5. Nf3 Nc6 6. Bc4 a6 7. O-O Nge7 8. Qe2 b5 9. Bb3 Ng6 10. Be3 Be7 11. Rfd1 ({RR} 11. Nd4 Bb7 12. f4 O-O 13. Kh1 Nxd4 14. Bxd4 f5 15. exf5 Rxf5 16. Qg4 Qf8 17. Ne2 Rc8 18. Be3 Ne5 19. Qg3 Nc4 20. Rad1 Rf6 21. Qf2 Nxe3 22. Qxe3 Bc5 23. Qd3 Bc6 24. f5 g6 25. Ng3 gxf5 {Lagerman,R (2310)-Thorsteins,K (2480) Gardabaer 1991 0-1 (38)}) 11... O-O 12. Rac1 Bb7 13. a3 ({RR} 13. Nd4 Nxd4 14. Bxd4 Rc8 15. a3 Bc5 16. Nxb5 Bxd4 17. Nxd4 Rxc1 18. Rxc1 Qb6 19. Qe3 e5 20. Nf5 Qxe3 21. fxe3 Bxe4 22. Nd6 Bc6 23. Rf1 Ne7 24. Rxf7 Rxf7 25. Nxf7 e4 26. Ng5+ Kh8 27. Nf7+ Kg8 {Swarnavo,C (2053)-Ahmed,W (1919) Dhaka 2021 1-0 (58)}) 13... Na5 $146 ({RR} 13... Rc8 14. h3 d6 15. Nh2 Nce5 16. f4 Nc4 17. Ng4 Qc7 18. Qf2 Nxe3 19. Nxe3 Qb8 20. f5 exf5 21. Nxf5 Kh8 22. Qd4 f6 23. Nxe7 Nxe7 24. Qxd6 Qxd6 25. Rxd6 Rcd8 26. Rcd1 Rxd6 27. Rxd6 Ng6 28. Rd7 {Lorenz,O (1962)-Vollak,M (1454) Altenkirchen 2003 1-0 (41)}) ({RR} 13... d6 14. h3 Rc8 15. Nh2 Na5 16. Ba2 Nc4 17. Bxc4 Rxc4 18. f3 Qb8 19. Nf1 Rcc8 20. g3 Ne5 21. h4 Nc4 22. Bf2 Bf6 23. Ne3 Nxe3 24. Qxe3 Rc6 25. Qd2 Rfc8 26. Ne2 Rxc1 27. Rxc1 Rxc1+ 28. Qxc1 {Hansen,H (1801)-Partys,P (1976) Teplice 2013 0-1 (45)}) ({RR} 13... Rc8 14. Bd4 Na5 15. Ba2 Nc4 16. Bxc4 Rxc4 17. a4 Qc8 18. b3 Rc6 19. axb5 axb5 20. Qxb5 Ba6 21. Qa4 Nf4 22. Qa1 Be2 23. Rd2 Bxf3 24. gxf3 Bb4 25. Rdd1 Bxc3 26. Bxc3 Ne2+ 27. Kg2 Rxc3 28. Rxc3 {Monjac,M (1833)-Mrakovcic,K (1661) Sv Filip i Jakov 2009 0-1 (33)}) 14. Ba2 Rc8 15. Nd4 Nc4 16. Bxc4 bxc4 17. f4 d5 18. e5 Qd7 19. Qg4 Bc5 20. h4 Ne7 21. Nce2 f5 22. Qf3 Ba8 23. Qf2 Qa7 24. Rc3 Bxd4 25. Nxd4 Qd7 26. h5 Nc6 27. Qh4 Nxd4 28. Bxd4 Qd8 29. Qf2 Qe8 30. Rh3 Rf7 31. Rc1 Rfc7 32. Rcc3 Rb7 33. Rcg3 Rcb8 34. Rg5 Rb3 35. Bc3 R3b7 36. Qh4 Qd8 37. Qg3 d4 38. Bb4 d3 39. Qe1 Qd4+ 40. Qf2 Qxf2+ 41. Kxf2 a5 42. Bc3 Rxb2+ 43. Bxb2 Rxb2+ 44. Ke1 Be4 45. Rhg3 g6 46. Re3 c3 47. Rxd3 Bxd3 0-1

[Event "45th FIDE Chess Olympiad Open"]
[Site "Budapest, Hungary"]
[Date "2024.09.13"]
[Round "3.20"]
[White "Daniel, Cyrus"]
[Black "Miah, Zahed"]
[Result "1-0"]
[WhiteElo "1759"]
[BlackElo "1895"]
[PlyCount "77"]
[EventDate "2024.??.??"]
[WhiteTeam "Saint Lucia"]
[BlackTeam "Isle of Man"]
[BlackTeamCountry "IOM"]
[WhiteClock "0:04:37"]
[BlackClock "0:06:10"]

1. e4 c6 2. d4 d5 3. e5 Bf5 4. g4 Bd7 5. Bd3 e6 6. Qe2 $146 ({RR} 6. Ne2 c5 7. c3 Nc6 8. Nd2 h5 9. gxh5 cxd4 10. cxd4 Rxh5 11. Ng3 Rh8 12. Nf3 Qb6 13. Be2 Bb4+ 14. Kf1 Nh6 15. a3 Be7 16. b4 Nf5 17. Nxf5 exf5 18. Rg1 g6 19. b5 Na5 20. a4 Rc8 {Stalda,G-Herman,P Munich 1936 1-0 (39)}) ({RR} 6. c3 c5 7. Nf3 Qb6 8. Qe2 cxd4 9. O-O Nc6 10. Rd1 Nge7 11. h4 h5 12. Bg5 hxg4 13. Nxd4 Nxd4 14. cxd4 Nc6 15. Nc3 g3 16. Bb5 gxf2+ 17. Qxf2 Be7 18. Bxc6 Bxc6 19. Rf1 Rf8 20. Bxe7 Kxe7 {Brosig,B (2202)-Kasparov,S (2497) Werther 2004 0-1 (40)}) ({RR} 6. c3 c5 7. Be3 cxd4 8. cxd4 Nc6 9. Nf3 Qb6 10. Qd2 Nb4 11. Be2 Bb5 12. Nc3 Bxe2 13. Qxe2 Rc8 14. O-O h5 15. g5 Ne7 16. Rac1 Nbc6 17. Nh4 g6 18. a3 Nf5 19. Nxf5 gxf5 20. Na4 Qc7 {Lobato Rivero,C (1999)-Fernandez Sanchez,L (1793) Madrid 2014 ½-½ (33)}) ({RR} 6. Nf3 c5 7. c3 Nc6 8. O-O Qb6 9. dxc5 Bxc5 10. b4 Bf8 11. Re1 Nge7 12. Be3 Qc7 13. Bf4 Ng6 14. Bg3 Be7 15. h4 a5 16. h5 Nf8 17. b5 Na7 18. a4 Nc8 19. Qb3 Nb6 20. Nbd2 Rc8 {Rojahn,E-Vassaux E,G Buenos Aires 1939 1-0 (36)}) ({RR} 6. Ne2 c5 7. c3 Nc6 8. Nd2 cxd4 9. cxd4 f6 10. Nf3 fxe5 11. dxe5 Qc7 12. Bf4 Bb4+ 13. Kf1 Nge7 14. Rc1 a6 15. Ned4 Qb8 16. Nb3 Ba5 17. Kg2 O-O 18. Bg3 Bb6 19. h4 a5 20. h5 a4 {Hahn,E-Normann,C Bad Elster 1940 1-0 (33)}) 6... c5 7. dxc5 Bxc5 8. Nd2 Nc6 9. Ngf3 Nge7 10. Nb3 Bb6 11. h4 Qc7 12. Bf4 Nb4 13. c3 Nxd3+ 14. Qxd3 a6 15. Nbd4 Nc6 16. Nxc6 bxc6 17. Bg3 c5 18. Nd2 Bb5 19. c4 dxc4 20. Nxc4 Ba5+ 21. Kf1 Rd8 22. Qc2 Rd4 23. b3 O-O 24. Qe2 Rfd8 25. Kg1 Rd2 26. Qe3 R8d3 27. Qg5 Bxc4 28. bxc4 Qb7 29. Kh2 Bc3 30. Rab1 Bb2 31. Qf4 Qd7 32. Qe4 Qc8 33. Rxb2 Rd4 34. Qb1 Rxb2 35. Qxb2 Rxc4 36. Qe2 Ra4 37. Rd1 h6 38. Rd6 c4 39. Qd1 1-0

[Event "45th FIDE Chess Olympiad Open"]
[Site "Budapest, Hungary"]
[Date "2024.09.13"]
[Round "3.21"]
[White "Kawuma, Patrick"]
[Black "Houssein, Mohamed Bilal"]
[Result "1-0"]
[WhiteElo "2207"]
[BlackElo "1870"]
[PlyCount "97"]
[EventDate "2024.??.??"]
[WhiteTeam "Uganda"]
[BlackTeam "Djibouti"]
[WhiteTeamCountry "UGA"]
[BlackTeamCountry "DJI"]
[WhiteClock "0:08:23"]
[BlackClock "0:02:41"]

1. c4 Nf6 2. g3 e6 3. Bg2 d5 4. Nf3 dxc4 5. Qa4+ Nbd7 6. Qxc4 a6 7. Qc2 c5 8. O-O b5 ({RR} 8... Qc7 9. d4 Bd6 10. Rd1 O-O 11. Nc3 cxd4 12. Nxd4 Rb8 13. a4 Re8 14. Bd2 Bc5 15. Be1 e5 16. Nb3 Bf8 17. Rac1 b5 18. axb5 axb5 19. Qd3 Qc4 20. Qxc4 bxc4 21. Na5 Rxb2 22. Nxc4 Rb8 23. Nd5 {Leitao,R (2628)-Mekhitarian,K (2572) Belem 2015 ½-½}) 9. Ne5 Nd5 10. f4 $146 ({RR} 10. Nxd7 Qxd7 11. Nc3 Bb7 12. Nxd5 Bxd5 13. Bxd5 Qxd5 14. d3 h5 15. e4 Qd7 16. Be3 h4 17. f4 Rd8 18. Rad1 Rc8 19. Rc1 Be7 20. Rfd1 Qb7 21. d4 hxg3 22. hxg3 c4 23. d5 exd5 24. Rxd5 Rd8 {Patsia,Z (2107)-Quparadze,G (2462) Tbilisi 2019 0-1 (46)}) ({RR} 10. Nxd7 Qxd7 11. a4 Bb7 12. axb5 axb5 13. Rxa8+ Bxa8 14. Nc3 Nxc3 15. dxc3 Bxg2 16. Kxg2 Be7 17. Rd1 Qc6+ 18. f3 O-O 19. Be3 Rd8 20. Rxd8+ Bxd8 21. c4 b4 22. b3 h6 23. Qa2 Be7 24. Qa7 Bf8 {Seo,J (2455)-Shishkov,A (2340) chess.com INT 2024 1-0 (43)}) ({RR} 10. Nxd7 Qxd7 11. Nc3 Bb7 12. Nxd5 exd5 13. d4 c4 {½-½ (13) Daneshvar,B (2401)-Gholami Orimi,M (2428) Teheran 2021}) ({RR} 10. Nxd7 Qxd7 11. a4 Bb7 12. axb5 axb5 13. Rxa8+ Bxa8 14. Nc3 Nb4 15. Qb1 {½-½ (15) Maletin,P (2527)-Yudin,S (2508) Russia 2007}) 10... Bb7 11. Nf3 c4 12. b3 Bc5+ 13. Kh1 cxb3 14. Qxb3 O-O 15. Bb2 N7f6 16. Ne5 Qb6 17. e4 Ne7 18. Nc3 Rad8 19. d3 Ng6 20. Nxg6 hxg6 21. Ne2 Qa7 22. h3 Rd7 23. g4 Rfd8 24. Rad1 Qa8 25. Kh2 b4 26. g5 Nh5 27. Qc2 Bf8 28. d4 a5 29. Ng3 Nxg3 30. Kxg3 Rc8 31. Qb1 a4 32. Rf2 b3 33. axb3 axb3 34. Ba1 Qa4 35. Rd3 Ra8 36. Rxb3 Qxa1 37. Rxb7 Rxb7 38. Qxb7 Ra3+ 39. Kh2 Qxd4 40. Qb2 Qa7 41. Qd2 Kh7 42. f5 exf5 43. exf5 gxf5 44. Rxf5 Bc5 45. Qf4 Bg1+ 46. Kh1 Ra1 47. g6+ Kh8 48. Qh4+ Kg8 49. Qd8# 1-0

[Event "45th FIDE Chess Olympiad Open"]
[Site "Budapest, Hungary"]
[Date "2024.09.13"]
[Round "3.23"]
[White "Nsubuga, Haruna"]
[Black "Mohamed Ali Dima"]
[Result "1-0"]
[WhiteElo "2243"]
[BlackElo "1761"]
[PlyCount "47"]
[EventDate "2024.??.??"]
[WhiteTeam "Uganda"]
[BlackTeam "Djibouti"]
[WhiteTeamCountry "UGA"]
[BlackTeamCountry "DJI"]
[WhiteClock "1:17:56"]
[BlackClock "1:15:53"]

1. d4 d5 2. Nf3 Nf6 3. g3 Bf5 4. c4 e6 5. Qb3 c6 $146 ({RR} 5... Qc8 6. Nc3 c6 7. Bg2 Bd6 8. O-O h6 9. Nd2 O-O 10. e4 dxe4 11. Ndxe4 Be7 12. Bf4 Rd8 13. Rfd1 Na6 14. Rd2 Nxe4 15. Nxe4 Bb4 16. Rdd1 Rd7 17. Qf3 Qd8 18. g4 Bg6 19. Be3 Be7 20. Rac1 {Chang,S-Sisman,G Elista 1998 1-0 (35)}) ({RR} 5... Nc6 6. Bg2 dxc4 7. Qxc4 Qd5 8. Qa4 Bb4+ 9. Bd2 Bxb1 10. Bxb4 Be4 11. O-O a5 12. Bd2 O-O 13. Bf4 Rac8 14. Rfc1 Rfd8 15. Rc5 Qd7 16. Rac1 Nd5 17. Be3 Qe8 18. Qb5 Rb8 19. a3 h6 20. Ne1 {Mamedyarov,S (2762)-Nakamura,H (2736) chess24.com INT 2021 1-0 (86)}) ({RR} 5... Nc6 6. Bg2 Bb4+ 7. Bd2 a5 8. O-O O-O 9. Bf4 a4 10. Qd1 dxc4 11. a3 Bd6 12. Ne5 Bxe5 13. dxe5 Ne4 14. Nd2 Nxd2 15. Bxd2 Nd4 16. Bb4 Re8 17. Rc1 Nb3 18. Rxc4 c5 19. Bc3 Qe7 20. e4 {Karahan,A (1900)-Ulu,Y (1642) Denizli TUR 2024 1-0}) ({RR} 5... Qc8 6. Nc3 c6 7. Bg2 Be7 8. Bf4 O-O 9. Rc1 Nbd7 10. Nh4 Be4 11. f3 Bg6 12. Nxg6 hxg6 13. e4 Nb6 14. cxd5 exd5 15. O-O Qd7 16. Rcd1 Rfd8 17. Kh1 Nh7 18. Na4 Nxa4 19. Qxa4 Qe6 20. Rfe1 {Khechumyan,G (2372)-Lengyel,B (2350) Budapest 1999 ½-½ (41)}) ({RR} 5... b6 6. Nc3 c5 7. Bg5 dxc4 8. Qxc4 Bd6 9. e4 Bg4 10. Bg2 Bxf3 11. Bxf3 e5 12. dxe5 Bxe5 13. Rd1 Nbd7 14. Bxf6 Qxf6 15. Bg4 Bd4 16. O-O Ne5 17. Qb5+ Qc6 18. Qxc6+ Nxc6 19. Nb5 O-O 20. Bd7 {Belikov,R-Tropin,N (1798) St Petersburg 2009 1-0 (58)}) 6. Qxb7 Be4 7. Qxa8 Bxf3 8. exf3 Qc7 9. Bf4 Bd6 10. Bxd6 Qxd6 11. Qxa7 Qb4+ 12. Nd2 O-O 13. a3 Qxb2 14. Rb1 Qc2 15. Qxb8 Nd7 16. Qb3 Qg6 17. f4 h6 18. Qd3 f5 19. c5 Nf6 20. Nf3 Ne4 21. Ne5 Qe8 22. Rb6 Qa8 23. Nxc6 Kh7 24. Bg2 1-0

[Event "45th FIDE Chess Olympiad Open"]
[Site "Budapest, Hungary"]
[Date "2024.09.13"]
[Round "3.25"]
[White "Kamara, Ansumana"]
[Black "Alhassadi, Yousef A."]
[Result "0-1"]
[WhiteElo "1876"]
[BlackElo "2082"]
[PlyCount "96"]
[EventDate "2024.??.??"]
[WhiteTeam "Sierra Leone"]
[BlackTeam "Libya"]
[WhiteTeamCountry "SIE"]
[BlackTeamCountry "LBY"]
[WhiteClock "0:33:57"]
[BlackClock "0:46:31"]

1. e4 c5 2. Nf3 e6 3. d4 cxd4 4. Nxd4 Nf6 5. f3 Nc6 6. Nb3 ({RR} 6. c4 d5 7. exd5 exd5 8. Nxc6 bxc6 9. Bd3 Bc5 10. Qe2+ Be6 11. Bg5 O-O 12. cxd5 Bxd5 13. Bxh7+ Nxh7 14. Bxd8 Raxd8 15. Nc3 Rfe8 16. Ne4 Bb4+ 17. Kf2 f5 18. a3 Ba5 19. Nc5 Rxe2+ 20. Kxe2 Bc4+ {Do Santos Julio,J (2104)-Karlsson,L (2482) Sitges 2011 0-1 (41)}) 6... d5 7. Bg5 ({RR} 7. exd5 Qxd5 8. Bd3 Nb4 9. Nc3 Nxd3+ 10. cxd3 Qe5+ 11. Qe2 Qxe2+ 12. Kxe2 Bd6 13. Ne4 Be7 14. Be3 Nd5 15. Bf2 O-O 16. g3 Bd7 17. Rhc1 Rac8 18. a3 b6 19. Nd4 e5 20. Nc2 f5 21. Nd2 g5 {Balint,V (2296)-Cella,G (1894) Chess.com INT 2022 0-1 (48)}) 7... Be7 $146 ({RR} 7... dxe4 8. Qxd8+ Nxd8 9. Bxf6 gxf6 10. fxe4 Bd6 11. N1d2 b6 12. Bb5+ Ke7 13. O-O-O a6 14. Be2 Nc6 15. Nc4 Bc7 16. Kb1 Bb7 17. Rhf1 Ne5 18. Nxe5 Bxe5 19. Bf3 Bxh2 20. e5 Bxf3 21. exf6+ Kxf6 22. Rd7 {Ssonko,M (2118)-Wanyama,H (2269) Kireka 2016 0-1 (46)}) 8. exd5 Nxd5 9. Bxe7 Qxe7 10. Qd2 O-O 11. Bd3 Qh4+ 12. Qf2 Qf6 13. c3 Qe5+ 14. Qe2 Nf4 15. Bxh7+ Kxh7 16. Qxe5 Nxe5 17. O-O Nfd3 18. N1d2 Nxb2 19. Nc5 b6 20. Nce4 Ba6 21. Rfb1 Nbd3 22. a4 Nc5 23. a5 Nxe4 24. Nxe4 Bd3 25. Re1 Bxe4 26. Rxe4 Nd7 27. Rd4 Nc5 28. Rb4 Rfc8 29. axb6 axb6 30. Rxa8 Rxa8 31. Rxb6 Ra3 32. h3 Rxc3 33. Kh2 e5 34. Rb2 f5 35. Re2 e4 36. fxe4 fxe4 37. h4 Kg6 38. g4 Kf6 39. Rf2+ Ke5 40. Rf7 e3 41. Kg2 Rc2+ 42. Kg1 e2 43. Re7+ Kf4 44. g5 Ne4 45. Rxe4+ Kxe4 46. Kf2 Kd3 47. h5 Rc1 48. h6 e1=Q+ 0-1

[Event "45th FIDE Chess Olympiad Open"]
[Site "Budapest, Hungary"]
[Date "2024.09.13"]
[Round "3.26"]
[White "Naser Eldean, Ahmed"]
[Black "Winston Gerald, Mansfield Thomas"]
[Result "1-0"]
[WhiteElo "1981"]
[BlackElo "1950"]
[PlyCount "113"]
[EventDate "2024.??.??"]
[WhiteTeam "Libya"]
[BlackTeam "Sierra Leone"]
[WhiteTeamCountry "LBY"]
[BlackTeamCountry "SIE"]
[WhiteClock "0:28:51"]
[BlackClock "0:32:06"]

1. e4 d6 2. d4 Nf6 3. Nc3 c6 4. f4 Qa5 5. Bd3 e5 6. Nf3 Nbd7 7. Be3 Be7 8. h3 ({RR} 8. Qd2 O-O 9. O-O Qc7 10. Kh1 b5 11. Rae1 Bb7 12. a3 a6 13. h3 Nh5 14. Ne2 c5 15. c3 f5 16. d5 c4 17. Bc2 fxe4 18. Bxe4 exf4 19. Bxf4 Nc5 20. Bc2 Nd3 21. Bh2 Nxe1 22. Rxe1 Qd7 {Topalov,V (2645)-Adams,M (2640) Cap d'Agde 1994 0-1 (36)}) ({RR} 8. Qd2 Qc7 9. h3 b5 10. O-O a6 11. Ne2 c5 12. c3 c4 13. Bc2 O-O 14. Ng3 Re8 15. Rae1 Bf8 16. Qf2 a5 17. Nf5 exd4 18. Bxd4 Nc5 19. Nh6+ Kh8 20. e5 dxe5 21. fxe5 gxh6 22. exf6 Be6 {Pap,M (2382)-Pastor Pons,P (2048) Donostia ESP 2024 1-0 (31)}) 8... exd4 $146 ({RR} 8... O-O 9. Qe2 Nh5 10. Nxe5 Nxe5 11. dxe5 Ng3 12. Qf3 Nxh1 13. O-O-O dxe5 14. Rxh1 exf4 15. Bxf4 Be6 16. Bd2 Bg5 17. h4 Bxd2+ 18. Kxd2 c5 19. h5 h6 {0-1 (19) Helsen,S (2146)-Budimir,B (2335) Senta 2007}) ({RR} 8... b5 9. dxe5 b4 10. exf6 bxc3 11. fxe7 cxb2+ 12. Bd2 bxa1=Q 13. Qxa1 Qb6 14. Qxg7 Kxe7 15. Qxh8 Qb1+ 16. Kf2 Qxh1 17. f5 Qb1 18. f6+ Nxf6 19. Bg5 Qb2 20. e5 {1-0 (20) Steil Antoni,F (2185)-Atkins,R (2149) England 2014}) ({RR} 8... O-O 9. O-O Re8 10. Qe1 exd4 11. Bxd4 a6 12. a3 c5 13. Be3 Qc7 14. a4 c4 15. Be2 Bf8 16. Qh4 b6 17. Kh1 Bb7 18. e5 dxe5 19. fxe5 Qc6 20. exf6 Rxe3 21. fxg7 Bxg7 22. Bxc4 Nf6 23. Rad1 {Promyshlyanskiy,V (2303)-Blaeser,R (1900) Tegernsee 2017 1-0 (31)}) 9. Bxd4 c5 10. Bxf6 Bxf6 11. e5 dxe5 12. O-O O-O 13. fxe5 Bd8 14. Ne4 c4 15. Bxc4 Nxe5 16. Nxe5 Bb6+ 17. Kh1 Qxe5 18. Qd5 Bc7 19. Qxe5 Bxe5 20. Rxf7 Rxf7 21. Rf1 h6 22. Rxf7 Kh7 23. Re7 Bf4 24. Rf7 Be5 25. Re7 Bf4 26. g3 Bb8 27. Re8 Bd7 28. Nf6+ gxf6 29. Bd3+ Kg7 30. Re7+ Kg8 31. Rxd7 Bxg3 32. Rxb7 Be5 33. b3 a5 34. Kg2 Rd8 35. Ra7 Bc3 36. Kf3 Rd4 37. Rc7 Bd2 38. Ke2 Bg5 39. Rc5 a4 40. Rc4 Rxc4 41. Bxc4+ Kf8 42. b4 Ke7 43. Bd5 Kd6 44. c4 f5 45. Kd3 Bf6 46. Bb7 Bb2 47. c5+ Kc7 48. Bf3 Bc1 49. Kc4 Be3 50. b5 Kd7 51. b6 Ke6 52. Bd5+ Ke7 53. Kb5 Kd8 54. c6 Bf4 55. Kxa4 Bd6 56. Kb5 f4 57. a4 1-0

[Event "45th FIDE Chess Olympiad Open"]
[Site "Budapest, Hungary"]
[Date "2024.09.13"]
[Round "3.27"]
[White "Adeshole Beckley, Brian"]
[Black "Abugenda, Nagi"]
[Result "0-1"]
[WhiteElo "1814"]
[BlackElo "1975"]
[PlyCount "78"]
[EventDate "2024.??.??"]
[WhiteTeam "Sierra Leone"]
[BlackTeam "Libya"]
[WhiteTeamCountry "SIE"]
[BlackTeamCountry "LBY"]
[WhiteClock "0:18:26"]
[BlackClock "0:27:32"]

1. d4 Nf6 2. c4 e6 3. Nf3 Bb4+ 4. Bd2 Qe7 5. a3 Bxd2+ 6. Qxd2 b6 7. g3 Bb7 8. Bg2 O-O 9. O-O d6 10. Nc3 Nbd7 ({RR} 10... Ne4 11. Nxe4 Bxe4 12. Rac1 Nd7 13. Rfd1 f5 14. d5 e5 15. Ng5 Bxg2 16. Kxg2 Nc5 17. Ne6 Nxe6 18. dxe6 Qxe6 19. Qd5 Rfe8 20. b4 a5 21. c5 Qxd5+ 22. Rxd5 axb4 23. axb4 bxc5 24. bxc5 Ra5 25. Rcd1 {Omelja,A (2435)-Kovalev,V (2582) chess.com INT 2023 0-1 (48)}) 11. Rfe1 c5 12. e3 $146 ({RR} 12. d5 exd5 13. cxd5 Rae8 14. e4 Ba6 15. Nh4 g6 16. f4 Nh5 17. Nf3 f6 18. Re3 Ng7 19. Rae1 Qd8 20. Bh3 Kh8 21. e5 fxe5 22. Bxd7 Qxd7 23. fxe5 Qg4 24. Qd1 Nh5 25. e6 Nxg3 26. hxg3 Qxg3+ {Lippert,G-Kube,H (2044) Germany 1999 1-0 (37)}) 12... Rfd8 13. d5 exd5 14. cxd5 a6 15. e4 b5 16. Qf4 Re8 17. Bh3 Ne5 18. Nxe5 Qxe5 19. Qxe5 Rxe5 20. f4 Re7 21. e5 Ne8 22. e6 Nf6 23. exf7+ Kxf7 24. Rxe7+ Kxe7 25. Re1+ Kf8 26. Bg2 Re8 27. Re6 Rxe6 28. dxe6 Bxg2 29. Kxg2 g6 30. Kf3 Ke7 31. g4 Kxe6 32. h4 d5 33. Ne2 h5 34. g5 Ne4 35. b4 c4 36. Nd4+ Kf7 37. f5 gxf5 38. Nxf5 c3 39. Ke3 c2 0-1

[Event "45th FIDE Chess Olympiad Open"]
[Site "Budapest, Hungary"]
[Date "2024.09.13"]
[Round "3.28"]
[White "Elshaafi, Ali"]
[Black "Moses Ina Ebenezer Conteh"]
[Result "0-1"]
[WhiteElo "1984"]
[BlackElo "1631"]
[PlyCount "118"]
[EventDate "2024.??.??"]
[WhiteTeam "Libya"]
[BlackTeam "Sierra Leone"]
[WhiteTeamCountry "LBY"]
[BlackTeamCountry "SIE"]
[WhiteClock "0:47:15"]
[BlackClock "0:28:13"]

1. e4 c6 2. d4 d5 3. e5 Bf5 4. h4 h6 5. g4 Bh7 6. e6 fxe6 7. Bd3 Bxd3 8. Qxd3 Na6 9. Nf3 Nf6 10. Qg6+ Kd7 11. Ne5+ Kc8 $146 ({RR} 11... Kc7 12. Bf4 Kc8 13. Nd2 Qb6 14. Nb3 c5 15. dxc5 Nxc5 16. Nxc5 Qxc5 17. Rh3 d4 18. O-O-O Qd5 19. Rc3+ dxc3 20. Rxd5 cxb2+ 21. Kxb2 exd5 22. Qf5+ Kc7 23. Nf7+ Kc6 24. Qe6+ Kb5 25. Nxh8 g5 26. hxg5 {Durana,J (1542)-Vasko,M (1222) Stara Lubovna 2021 1-0 (33)}) 12. Nf7 Qa5+ 13. Bd2 Qb6 14. Nc3 Rh7 15. O-O-O Qxd4 16. g5 hxg5 17. Bxg5 Qg4 18. Qd3 Qf5 19. Qd4 Nd7 20. Qd3 g6 21. Qd4 Rxf7 22. f4 Bg7 23. Qd2 Nac5 24. h5 Bxc3 25. Qxc3 Ne4 26. Qe3 Nxg5 27. fxg5 gxh5 28. Rxh5 Rh7 29. Rxh7 Qxh7 30. Qxe6 Kc7 31. g6 Qh6+ 32. Kb1 Qg5 33. a3 Nf8 34. Qf7 Nxg6 35. Rh1 Ne5 36. Qe6 Qf6 37. Qh3 Rf8 38. b3 Nf3 39. Qg3+ Qd6 40. Qg7 Nd2+ 41. Ka2 Rf2 42. Qc3 Ne4 43. Qa5+ Kd7 44. Qxa7 Rxc2+ 45. Kb1 Rh2 46. Qxb7+ Ke6 47. Qc8+ Kf7 48. Qf5+ Nf6 49. Rxh2 Qxh2 50. a4 Qh7 51. Qxh7+ Nxh7 52. a5 Nf6 53. Kc2 Ke8 54. a6 Nd7 55. Kc3 Kd8 56. Kb4 Kc7 57. Kc3 e5 58. Kd3 Nc5+ 59. Kc3 Nxa6 0-1

[Event "45th FIDE Chess Olympiad Open"]
[Site "Budapest, Hungary"]
[Date "2024.09.13"]
[Round "3.29"]
[White "Bhakta Bahadur Monger"]
[Black "Pereira, Sergio"]
[Result "1/2-1/2"]
[WhiteElo "1911"]
[BlackElo "1988"]
[PlyCount "91"]
[EventDate "2024.??.??"]
[WhiteTeam "Bhutan"]
[BlackTeam "Sao Tome and Principe"]
[WhiteTeamCountry "BTN"]
[BlackTeamCountry "SAO"]
[WhiteClock "0:02:49"]
[BlackClock "0:03:28"]

1. d4 Nf6 2. Nf3 d5 3. Bf4 c5 4. e3 Nc6 5. Nbd2 Bf5 6. c3 Qb6 7. Qb3 c4 8. Qxb6 axb6 9. Be2 ({RR} 9. Nh4 Bd7 10. a3 b5 11. Rc1 h6 12. Nhf3 Bf5 13. h3 Nd7 14. g4 Bh7 15. Bg2 Nb6 16. Ne5 f6 17. Nxc6 bxc6 18. e4 e6 19. O-O Na4 20. Rb1 Kd7 21. Rfe1 Bd6 22. Bxd6 Kxd6 23. f4 Rhe8 {Portakalci,Y (2034)-Ozkan,E (2147) Cesme TUR 2024 ½-½ (77)}) 9... b5 10. O-O h6 $146 ({RR} 10... b4 11. Rfc1 e6 12. Ne5 Nxe5 13. Bxe5 Nd7 14. Bg3 bxc3 15. Rxc3 Bb4 16. e4 Bxc3 17. bxc3 Bg6 18. Bd6 Bxe4 19. Nxe4 dxe4 20. Bxc4 Rc8 21. Bb5 Rxc3 22. Re1 f5 23. f3 e3 24. Bb4 Rc2 25. Rxe3 {Horvath,D (2519)-Florianovitz,D (2079) chess.com INT 2023 1-0 (77)}) ({RR} 10... b4 11. Ne5 bxc3 12. bxc3 Nxe5 13. Bxe5 e6 14. h4 h6 15. Bxf6 gxf6 16. g4 Bh7 17. a4 f5 18. g5 hxg5 19. hxg5 Rg8 20. f4 f6 21. Nf3 Be7 22. Kf2 Kd7 23. gxf6 Bxf6 24. Rh1 Bg6 25. Rh6 {Durovka,M (1370)-Hajdu,M (1755) Santiago de Compostela 2018 ½-½ (62)}) ({RR} 10... b4 11. cxb4 Nxb4 12. a3 Nd3 13. Bxd3 Bxd3 14. Rfe1 e6 15. Ne5 Bf5 16. h3 h6 17. g4 Bh7 18. Nf1 Nd7 19. Nxd7 Kxd7 20. Nd2 b5 21. Nf3 f6 22. h4 g5 23. hxg5 hxg5 24. Bg3 Be4 25. Nh2 {Pottinger,C (1719)-Boehmer,K (2038) Banff CAN 2023 0-1 (35)}) 11. Ne5 e6 12. Ndf3 Ne7 13. h3 Bh7 14. Nd2 Nc8 15. Ng4 Nd7 16. f3 Ncb6 17. Rfc1 Na4 18. b3 Nxc3 19. Bf1 Bb4 20. e4 Ra3 21. Nb1 Nxb1 22. Raxb1 c3 23. Nf2 O-O 24. Nd3 Ba5 25. Bd6 b4 26. Nxb4 dxe4 27. fxe4 Rc8 28. Nc6 Rxc6 29. Bxa3 c2 30. Ra1 Bc3 31. d5 Bd4+ 32. Kh2 exd5 33. exd5 Be5+ 34. Kg1 Rc8 35. Bc4 Bd4+ 36. Kf1 Ne5 37. d6 Bd3+ 38. Bxd3 Nxd3 39. d7 Rd8 40. Rxc2 Bxa1 41. Rc8 Bf6 42. Bd6 Nc1 43. Bc7 Rf8 44. Bd6 Rd8 45. Bc7 Rf8 46. Bd6 1/2-1/2

[Event "45th FIDE Chess Olympiad Open"]
[Site "Budapest, Hungary"]
[Date "2024.09.13"]
[Round "3.30"]
[White "Espirito Santo, Waldyr"]
[Black "Mahendra Gurung"]
[Result "1-0"]
[WhiteElo "1926"]
[BlackElo "1725"]
[PlyCount "69"]
[EventDate "2024.??.??"]
[WhiteTeam "Sao Tome and Principe"]
[BlackTeam "Bhutan"]
[WhiteTeamCountry "SAO"]
[BlackTeamCountry "BTN"]
[WhiteClock "0:53:34"]
[BlackClock "1:03:25"]

1. e4 c5 2. c3 Nc6 3. d4 cxd4 4. cxd4 d5 5. e5 e6 6. Nf3 Bb4+ 7. Nc3 Nge7 8. Bd3 O-O 9. Bxh7+ Kxh7 10. Ng5+ Kg6 11. Qg4 f5 12. exf6 e5 $146 ({RR} 12... Kxf6 13. Bf4 Nxd4 14. O-O Nef5 15. Rfe1 Bd7 16. Be5+ Ke7 17. Bxd4 {1-0 (17) Sirazhitdinov,D-Kniazkin,V Cheliabinsk 2010}) ({RR} 12... Kxf6 13. Nh7+ Kf7 14. Nxf8 Kxf8 15. O-O Nf5 16. Bg5 Qb6 17. Qh5 Be7 18. Qh8+ Kf7 19. Qh5+ {½-½ (19) Papadopoulou,T-Stesser,C Rimavska Sobota 1992}) ({RR} 12... Kxf6 13. Nh7+ Kf7 14. Nxf8 Kxf8 15. Qf4+ Nf5 16. g4 Ncxd4 17. Kd1 Bd6 18. Qd2 Nf3 19. Qe2 N5d4 20. Nb5 Nxe2 21. Kxe2 Qb6 22. Nxd6 Qxd6 23. Kxf3 d4 24. Bd2 Qd5+ 25. Kg3 Qb5 26. Rab1 Qd3+ {0-1 (26) Kollias,D (1261)-Nikolaou,T Greece 2014}) 13. Ne6+ Kxf6 14. Bg5+ Kf7 15. Nxd8+ Ke8 16. Qh4 Nxd8 17. dxe5 Be6 18. Qxb4 Nec6 19. Qd6 Rf7 20. Bxd8 Nxd8 21. O-O Rd7 22. Qc5 b6 23. Qb4 Rc8 24. Qh4 Rc4 25. Qh8+ Kf7 26. Nb5 Nb7 27. Rac1 a6 28. Rxc4 dxc4 29. Nd6+ Nxd6 30. exd6 b5 31. Qh5+ g6 32. Qh7+ Kf6 33. Qh8+ Kf5 34. Re1 Bf7 35. Qe5+ 1-0